Last Stand of Dead Men Chapters Quiz Stats

 Plays Quiz not verified by Sporcle

Challenge
Share
Tweet
Score 0/79 Timer 06:00
0 Plays Today
# Title % Correct
1The Witches
60%
3The Big Day
55%
6Stark Realities
40%
7Saracen
40%
18Regis
40%
2Back In Roarhaven
35%
8Searching the Aisles
35%
4The Secret Origin Of...
30%
5Unfair Advantages
30%
10The Thirteenth Floor
30%
11Big, Tough Man
30%
12The Deadline
30%
13Eye for an Eye
30%
14Seeing the Future
30%
15Spilling Blood
30%
16The Supreme Council
30%
17Muffins
30%
19Laken Cross
30%
32The Ghost Town
30%
9Roarhaven's Number One Public House
25%
20Off to War
25%
28The Stick
25%
38The Keep
25%
55Refuge
25%
21Making Plans
20%
22Staying out of Trouble
20%
23The Dark and Stormy Knight
20%
24Stagnant Water
20%
25The Old Gang Back Together
20%
26The Pursuit Begins
20%
27Mantis
20%
29Tanith's True Love
20%
30Dead Men's Tales
20%
31Wolfsong
20%
33Monster Hunters and Me
20%
34Rude Awakening
20%
35Sneaking In
20%
36Losing Blood
20%
37Charivari
20%
39Enemy Combatants
20%
# Title % Correct
41Gunning for Ode
20%
42Misdirection
20%
48Assassins
20%
40Wolves at the Door
15%
43Undercover
15%
44The Call to Action
15%
45Under Attack
15%
46The New Captain
15%
47Ajouga
15%
49Intimidation Techniques
15%
50The Battle at the Keep
15%
51The Man With the Golden Eyes
15%
52A Reasonable Reaction
15%
53In Her Head
15%
54Stephanie Edgley
15%
56The Documentary
15%
57Sunburn
15%
63The Trap
15%
72Rescue
15%
58The Brides of Blood Tears
10%
59The Rise
10%
60One Little Word
10%
61The Real Girl
10%
64The Trap is Sprung
10%
65The Warlocks
10%
66The Siege at Roarhaven
10%
67Wraiths
10%
68Black Smoke, White Flame
10%
69Quiet Moments
10%
70Supercharged
10%
71In the Sanctuary
10%
73War Deposit
10%
74The Thick Of It
10%
75Uneven Odds
10%
76China's Final Act
10%
77The Sacrifice
10%
78After the War
10%
79The Package
10%
62Roarhaven Revealed
5%

You're not logged in!

Compare scores with friends on all Sporcle quizzes.
OR
Log In

You Might Also Like...

Show Comments

Extras

Top Quizzes Today


Score Distribution

Your Account Isn't Verified!

In order to create a playlist on Sporcle, you need to verify the email address you used during registration. Go to your Sporcle Settings to finish the process.

Report this User

Report this user for behavior that violates our Community Guidelines.

Details: